000 00876nam a2200265 i 4500
003 DO-SdBNP
005 20231204102250.0
007 ta
008 110413s2001 dr a 000 j spa d
020 _a9993488917
040 _aDO-SdBNP
_bspa
_cBNPHU
_erda
082 _bC568
_222
100 1 _aCid, Félix Antonio
_911765
245 1 0 _aCuaderno de física 1, fuerzas de la naturaleza y energía :
_b2do. curso de bachillerato, 1er. ciclo /
_cFélix Antonio Cib ; ilustraciones Ruddy Núñez
264 1 _aSanto Domingo :
_bSantillana,
_c2001.
300 _a47 páginas
_c28 cm.
_bIlustraciones
336 _2rdacontent
_atexto
_btxt
337 _2rdamedia
_asin mediación
_bn
338 _2rdacarrier
_avolumen
_bnc
490 1 _aUmbral
590 _aInventariado, 2023/ YL
700 1 _aNúñez, Ruddy
_eilustracones
_923171
910 _aYLockward
942 _2ddc
_cLBS1
999 _c55629
_d55629